000 01650nam a2200517 i 4500
001 3197
003 KOSZ 005
005 20200512121619.0
008 200512s1986 pl f 000 0 pol
015 _aUWD 1986/1168
020 _a8320204429
035 _a991007546709705066
035 _a(PL-WaBN)b11957475-48omnis_nlop
035 _ab11957475
035 _a(OCoLC)750582605
035 _a(PL)b0000001195747
035 _a(EXLNZ-48OMNIS_NETWORK)9910224133105606
040 _aWA N
_cWA N
_dKOSZ 005/AR
046 _k1986
080 _a621.791/.795
080 _a331.45
080 _a613.6
080 _a 614.8
100 1 _aStaszałek, Jan
_eAutor
245 1 0 _aBHP przy spawaniu metali /
_cJan Staszałek.
246 3 _aBezpieczeństwo i higiena pracy przy spawaniu metali
260 _aWarszawa :
_bInstytut Wydawniczy Związków Zawodowych,
_c1986.
300 _a62, [2] strony ;
_c17 cm.
336 _aTekst
_btxt
_2rdacontent
337 _aBez urządzenia pośredniczącego
_bn
_2rdamedia
338 _aWolumin
_bnc
_2rdacarrier
380 _aDruki ulotne
388 _a1901-2000
388 _a1945-1989
490 1 _aBiblioteczka SIP
504 _aBibliografia na stronach 56-[63].
650 7 _aSpawanie
_2DBN
650 7 _aBHP
658 _aInżynieria i technika
658 _aBezpieczeństwo i wojskowość
710 _4pbl
_aInstytut Wydawniczy Związków Zawodowych
830 0 _aBiblioteczka SIP
856 _uhttp://koha.tu.koszalin.pl/cgi-bin/koha/opac-detail.pl?biblionumber=3197
_yKatalog online BPK
942 _2UKD
_cKS
999 _c3197
_d3197